Annual survey concerning competitive conditions in the steel industry and industry efforts to adjusts and modernize
Đã lưu trong:
| 格式: | 图书 |
|---|---|
| 语言: | Undetermined |
| 出版: |
Wahington
USITC
1988
|
| 主题: | |
| 标签: |
添加标签
没有标签, 成为第一个标记此记录!
|
| Thư viện lưu trữ: | Trung tâm Học liệu Trường Đại học Cần Thơ |
|---|
| LEADER | 00494nam a2200157Ia 4500 | ||
|---|---|---|---|
| 001 | CTU_99581 | ||
| 008 | 210402s9999 xx 000 0 und d | ||
| 082 | |a 338.47669 | ||
| 082 | |b A615 | ||
| 245 | 0 | |a Annual survey concerning competitive conditions in the steel industry and industry efforts to adjusts and modernize | |
| 260 | |a Wahington | ||
| 260 | |b USITC | ||
| 260 | |c 1988 | ||
| 650 | |a Steel industry and trade | ||
| 904 | |i Truc | ||
| 980 | |a Trung tâm Học liệu Trường Đại học Cần Thơ | ||